Informe País estado del medio ambiente en Chile: comparación 1999-2015. Resumen

সংরক্ষণ করুন:
গ্রন্থ-পঞ্জীর বিবরন
সংস্থা লেখক: Universidad de Chile (Author)
বিন্যাস: গ্রন্থ
ভাষা:স্প্যানিশ
প্রকাশিত: Santiago Universidad de Chile 2016
সংস্করন:1a. ed
বিষয়গুলি:
ট্যাগগুলো: ট্যাগ যুক্ত করুন
কোনো ট্যাগ নেই, প্রথমজন হিসাবে ট্যাগ করুন!

MARC

LEADER 00000cam a2200000 a 4500
001 UCD9530
003 CL-VaPUC
008 170626e20160000cl |||||||||||||||||spa|d
082 0 4 |a 333.7  |b UNI  |2 21 
110 2 |a Universidad de Chile  |e author  |9 593194 
245 1 0 |a Informe País estado del medio ambiente en Chile: comparación 1999-2015. Resumen 
250 |a 1a. ed 
300 |a 31 p 
942 |c BK 
945 |d 20170626 01:10:00  |a dcastane 
260 |a Santiago  |b Universidad de Chile  |c 2016 
650 0 |a Aire  |9 261540 
650 0 |a Aguas continentales  |9 357409 
650 7 |a BOSQUES NATIVOS  |2 CL-VaPUC  |9 373720 
650 0 |a Biodiversidad   |9 385995 
650 0 |a Suelos  |9 260322 
650 0 |a Ecosistemas marinos  |9 343701 
650 7 |a HIDROCARBUROS  |2 CL-VaPUC  |9 344783 
650 0 |a Minerales   |9 264051 
650 0 |a Asentamientos humanos  |9 316963 
650 0 |a Energía   |9 259431 
583 |a last modification  |c 20170828 09:23:49  |k Rodrigo Vera 
999 |c 368659  |d 368657 
952 |0 0  |1 0  |3 erb  |4 0  |6 333_700000000000000_UNI_2016  |7 0  |8 A  |9 484049  |a BIBAGR  |b BIBAGR  |i 5401755  |l 1  |o 333.7 UNI 2016  |p 5401755  |r 2025-01-20  |s 2022-06-28  |w 2019-11-24  |y BK  |z Catalogado en:20170626  |k AGR